<?xml version="1.0" encoding="UTF-8"?>
<record
    xmlns:xsi="http://www.w3.org/2001/XMLSchema-instance"
    xsi:schemaLocation="http://www.loc.gov/MARC21/slim http://www.loc.gov/standards/marcxml/schema/MARC21slim.xsd"
    xmlns="http://www.loc.gov/MARC21/slim">

  <leader>00692nam a22001937a 4500</leader>
  <controlfield tag="005">20240411144333.0</controlfield>
  <controlfield tag="008">220520b           ||||| |||| 00| 0 eng d</controlfield>
  <datafield tag="020" ind1=" " ind2=" ">
    <subfield code="a">8181433599</subfield>
  </datafield>
  <datafield tag="040" ind1=" " ind2=" ">
    <subfield code="c">AL</subfield>
  </datafield>
  <datafield tag="041" ind1=" " ind2=" ">
    <subfield code="a">Hindi</subfield>
  </datafield>
  <datafield tag="082" ind1=" " ind2=" ">
    <subfield code="2">23</subfield>
    <subfield code="a">320.954H</subfield>
    <subfield code="b">TANA</subfield>
  </datafield>
  <datafield tag="100" ind1=" " ind2=" ">
    <subfield code="a">Bishan Tandon  &#x92C;&#x93F;&#x936;&#x928; &#x91F;&#x902;&#x921;&#x928; </subfield>
    <subfield code="9">159679</subfield>
  </datafield>
  <datafield tag="245" ind1=" " ind2=" ">
    <subfield code="a">Aapatkal: Ek Diary Part- Two &#x906;&#x92A;&#x93E;&#x924;&#x915;&#x93E;&#x932;: &#x90F;&#x915; &#x921;&#x93E;&#x92F;&#x930;&#x940; &#x92D;&#x93E;&#x917;  &#xCE8;</subfield>
    <subfield code="b">16 &#x905;&#x917;&#x938;&#x94D;&#x924;  1975  &#x938;&#x947;  24  &#x91C;&#x941;&#x932;&#x93E;&#x908;  1976</subfield>
  </datafield>
  <datafield tag="260" ind1=" " ind2=" ">
    <subfield code="a">Delhi</subfield>
    <subfield code="b">Vani Prakshana</subfield>
    <subfield code="c">2005</subfield>
  </datafield>
  <datafield tag="300" ind1=" " ind2=" ">
    <subfield code="a">518 p.</subfield>
    <subfield code="b">HB</subfield>
    <subfield code="c">22x14 cm.</subfield>
  </datafield>
  <datafield tag="365" ind1=" " ind2=" ">
    <subfield code="b">&#x20B9;500.00</subfield>
    <subfield code="c">&#x20B9;</subfield>
    <subfield code="d">&#x20B9;500.00</subfield>
  </datafield>
  <datafield tag="700" ind1=" " ind2=" ">
    <subfield code="a">Tandon ( Bishan) &#x91F;&#x902;&#x921;&#x928; (&#x92C;&#x93F;&#x936;&#x928; )</subfield>
    <subfield code="9">38328</subfield>
  </datafield>
  <datafield tag="942" ind1=" " ind2=" ">
    <subfield code="2">ddc</subfield>
    <subfield code="c">GF</subfield>
  </datafield>
  <datafield tag="999" ind1=" " ind2=" ">
    <subfield code="c">223045</subfield>
    <subfield code="d">223045</subfield>
  </datafield>
  <datafield tag="952" ind1=" " ind2=" ">
    <subfield code="0">0</subfield>
    <subfield code="1">0</subfield>
    <subfield code="2">ddc</subfield>
    <subfield code="4">0</subfield>
    <subfield code="7">0</subfield>
    <subfield code="8">HIN</subfield>
    <subfield code="a">AL</subfield>
    <subfield code="b">AL</subfield>
    <subfield code="d">2013-03-24</subfield>
    <subfield code="l">0</subfield>
    <subfield code="o">320.954H TANA</subfield>
    <subfield code="p">GF02819</subfield>
    <subfield code="r">2022-05-20 00:00:00</subfield>
    <subfield code="w">2022-05-20</subfield>
    <subfield code="y">GF</subfield>
  </datafield>
</record>
